000 00733cam a2200193 4500
001 e 22000454
003 DLC
005 20260227111213.0
008 790613s1912 gw 000 0 ger c
010 _ae 22000454
040 _aLibrary, U.S Bur. of Education LC469.G3S3
_cDLC
_dDLC
043 _ae-gx---
100 1 _aSchmid, Franz,
_cAmtsgerichtsrat.
245 1 0 _aIst die entmündigung psychopathisch minderwertiger ratsam, und wann soll sie eingeleitet werden?
_cVon amtsgerichtsrat dr. F. Schmid ...
260 _aLangensalza,
_bH. Beyer & söhne,
_c1912.
300 _a18 p.
_c24 cm.
490 0 _aBeiträge zur kinderforschung und heilerziehung. hft. 105
650 0 _aChildren with mental disabilities
_xEducation
_zGermany.
999 _c20548
_d20548